|
|
|
|
| LEADER |
00000cam a2200000 7i4500 |
| 001 |
0000278641 |
| 005 |
20200220112009.0 |
| 020 |
|
|
|a 9789671301746
|
| 090 |
0 |
0 |
|a 923.2595
|b SHA
|
| 100 |
0 |
|
|a S.Hashim Ahmad
|
| 245 |
1 |
0 |
|a Tun M :
|b satu fenomena
|c S.Hashim
|
| 260 |
|
|
|a Selangor :
|b Produksi Cahaya Ilmu Laduni ,
|c 2019
|
| 300 |
|
|
|a 157p. :
|b ill.,photo ;
|c 22cm.
|
| 500 |
|
|
|a Koleksi Perdana Menteri Malaysia Aras 3
|
| 600 |
1 |
0 |
|a Mahathir bin Mohamad ,
|c Tun Dr. ,
|d 1925-
|
| 650 |
|
0 |
|a Political leadership
|z Malaysia
|
| 650 |
|
0 |
|a Prime ministers
|z Malaysia
|
| 651 |
|
0 |
|a Malaysia
|x Politics and government
|
| 999 |
|
|
|a 00380190
|b BUKU
|c MALAYSIANA
|e PERPUSTAKAAN KOMUNITI PETALING JAYA
|
| 999 |
|
|
|a 00380191
|b BUKU
|c MALAYSIANA
|e PERPUSTAKAAN KOMUNITI PETALING JAYA
|